header

Three years among the Comanches (Record no. 228)

MARC details
000 -LEADER
fixed length control field 01309nam a2200289Ia 4500
100 1# - MAIN ENTRY--AUTHOR NAME
Personal name Lee, Nelson,
245 10 - TITLE STATEMENT
Title Three years among the Comanches
260 ## - PUBLICATION, DISTRIBUTION, ETC. (IMPRINT)
Place of publication Santa Barbara, Calif. :
Name of publisher Narrative Press,
Year of publication 2001.
300 ## - PHYSICAL DESCRIPTION
Number of Pages 187 p.
650 #0 - SUBJECT ADDED ENTRY--TOPICAL TERM
Topical Term Indian captivities.
Topical Term Comanche Indians.
856 40 - ELECTRONIC LOCATION AND ACCESS
Uniform Resource Identifier http://site.ebrary.com/lib/rucke/Doc?id=5003641

No items available.

© 2026 Rongo University
Contact us: librarian | system librarian | Rongo university